| 000 | 02121cam a2200397 4500500 | ||
|---|---|---|---|
| 005 | 20260329011545.0 | ||
| 041 | _afre | ||
| 042 | _adc | ||
| 100 | 1 | 0 |
_aGuité-Verret, Alexandra _eauthor |
| 700 | 1 | 0 |
_aLaperle, Philippe _eauthor |
| 700 | 1 | 0 |
_aUmmel, Deborah _eauthor |
| 245 | 0 | 0 | _aRéflexions épistémologiques et méthodologiques sur l’étude empirique du deuil masculin |
| 260 | _c2026. | ||
| 500 | _a3 | ||
| 520 | _aIl existe des a priori sur ce qu’est ou serait un « bon deuil ». Nous abordons la manière dont ces présupposés façonnent la recherche sur le deuil des hommes. Dans une perspective à la fois épistémologique et méthodologique, nous explorons les conséquences possibles de ces idées préconçues sur la conception, l’observation et l’interprétation des expériences des endeuillés. Une réflexion sur l’impact des modes de collecte de données sur l’étude empirique du deuil masculin est aussi proposée. | ||
| 520 | _aSome preconceptions exist regarding what constitutes “good grief.” We address the way these preconceptions shape male bereavement research. Through both an epistemological and a methodological lens, we discuss the possible consequences of such preconceptions on the conceptualization, observation, and interpretation of mourning experiences. We also suggest further reflection on the impact that data collection methods may have on the empirical study of men’s grief. | ||
| 690 | _abon deuil | ||
| 690 | _adeuil | ||
| 690 | _adeuil instrumental | ||
| 690 | _adeuil intuitif | ||
| 690 | _adeuil masculin | ||
| 690 | _aépistémologie | ||
| 690 | _ahommes | ||
| 690 | _améthodologie | ||
| 690 | _abereavement | ||
| 690 | _aepistemology | ||
| 690 | _agood grief | ||
| 690 | _ainstrumental grief | ||
| 690 | _aintuitive grief | ||
| 690 | _amale grief | ||
| 690 | _amen | ||
| 690 | _amethodology | ||
| 690 | _amourning | ||
| 786 | 0 | _nÉtudes sur la mort | 163 | 1 | 2026-03-17 | p. 15-31 | 1286-5702 | |
| 856 | 4 | 1 | _uhttps://shs.cairn.info/revue-etudes-sur-la-mort-2025-1-page-15?lang=fr&redirect-ssocas=7080 |
| 999 |
_c1862820 _d1862820 |
||